Relaxations of vertex packing

Enregistré dans:
Détails bibliographiques
Auteur principal: Grötschel, M.
Autres auteurs: Lovász, L., Schrijver, A.
Format: Livre
Langue:anglais
Publié: Bonn Institut für Ökonometrie und Operations Research 1984
Collection:Report no. 84341-OR
Tags: Ajouter un tag
Pas de tags, Soyez le premier à ajouter un tag!

MARC

LEADER 00000nam a2200000 4500
001 c114661
005 20181203150328.6
041 0 |a eng 
044 |a DE 
245 1 0 |a Relaxations of vertex packing  |c M. Grötschel, L. Lovász, A. Schrijver 
264 1 |a Bonn  |b Institut für Ökonometrie und Operations Research  |c 1984 
300 |a 17 s. 
490 1 |a Report  |v no. 84341-OR 
830 0 |a Report  |v no. 84341-OR 
100 1 |a Grötschel, M. 
700 1 |a Lovász, L. 
700 1 |a Schrijver, A.